000 01248cam a22003497a 4500
003 CHAP
005 20220329133424.0
008 971013s1987 r 00010 d
010 _a6204
011 _a7176
035 _a6399
040 _cCHAP
090 _aTesis
100 0 0 _aDzib Aguilar, Luis Antonio.
_934827
245 0 _aInvitación a la innovación mediante la experimentación y divulgación agrícola
_b: el caso de la milpa en Becanchén, Yuc. México
260 _aChapingo, Méx. :
_bEl autor,
_c1987
300 _a261 h.
_b; gráfs.
502 _aTesis (Ing. Agr. Esp. en Fitotecnia) -- UACH. Departamento de Fitotecnia
590 _aALEPH
_b10
_c20130110
_lUCH01
_h1217
590 _aBATCH-UPD
_b10
_c20130110
_lUCH01
_h1144
590 _aBATCH-UPD
_b10
_c20130410
_lUCH01
_h0729
590 _aBATCH-UPD
_b10
_c20130914
_lUCH01
_h0036
590 _aBATCH-UPD
_b10
_c20130914
_lUCH01
_h2025
590 _aCONVERSION
_b10
_c20130109
_lUCH01
_h1304
650 1 4 _aAgricultura
_xExperimentación.
_91476
650 1 4 _aAgricultura
_xInnovaciones tecnológicas.
_91565
650 1 4 _aAgricultura
_xYucatán.
_91902
650 1 4 _aSistemas de cultivo.
_9106746
901 _aBK
942 _cTESIS
949 _bBC
_cTES
_d-16000
_eTS1
_h25434
_i6399
_si
999 _c6204
_d6204